00552nam a22001697a 450000500170000001000150001702000260003203500140005803700130007208200140008524501050009926000210020427000800022530000210030570000320032670000240035820221213115708.0 aENG-135513 a9788185835764c395.00 aEN-119045 bDBAD/PUB a352.00732 apanchayats' role in mgnrega and financial inclusion/cEditied by Sher singh sangwan [and] gagan deep aChandigarhc2015 aCentre for research in rural and industrial developmentbChandigarhe160019 a277p.c24cm(hbk) aSangwan, sher singheeditor aDeep, gaganeeditor